Construction Products Regulation (CPR) (Record no. 112896)
[ view plain ]
| 000 -LEADER | |
|---|---|
| fixed length control field | 00879cad a22001935a 4500 |
| 001 - CONTROL NUMBER | |
| control field | L154241 |
| 008 - FIXED-LENGTH DATA ELEMENTS--GENERAL INFORMATION | |
| fixed length control field | 111107s2011 xxk f 000 0 eng d |
| 035 ## - SYSTEM CONTROL NUMBER | |
| System control number | (Sirsi) u154241 |
| 041 0# - LANGUAGE CODE | |
| Language code of text/sound track or separate title | eng |
| 110 2# - MAIN ENTRY--CORPORATE NAME | |
| Corporate name or jurisdiction name as entry element | British Standards Institution |
| 9 (RLIN) | 130 |
| 245 00 - TITLE STATEMENT | |
| Title | Construction Products Regulation (CPR) |
| Medium | [electronic resource] |
| 260 ## - PUBLICATION, DISTRIBUTION, ETC. | |
| Place of publication, distribution, etc. | London |
| Name of publisher, distributor, etc. | BSI |
| Date of publication, distribution, etc. | [2011] |
| 520 ## - SUMMARY, ETC. | |
| Summary, etc. | Looks at the CPR which replaces the Construction Products Directive (CPD). |
| 651 #4 - SUBJECT ADDED ENTRY--GEOGRAPHIC NAME | |
| Geographic name | Europe |
| 690 ## - LOCAL SUBJECT ADDED ENTRY--TOPICAL TERM (OCLC, RLIN) | |
| Topical term or geographic name as entry element | Building regulations |
| 9 (RLIN) | 6224 |
| 690 ## - LOCAL SUBJECT ADDED ENTRY--TOPICAL TERM (OCLC, RLIN) | |
| Topical term or geographic name as entry element | BUILT ENVIRONMENT-CONSTRUCTION MARKET |
| 856 40 - ELECTRONIC LOCATION AND ACCESS | |
| Uniform Resource Identifier | <a href="https://www.bsigroup.com/en/ProductServices/About-CE-Marking/EU-directives/Construction-Products-Directive-89106EC/?utm_source=BUILDK-NA&utm_medium=et_mail&utm_content=2481902&utm_campaign=BUILDK-NA_20_October_2011&utm_term=Ready+for+">https://www.bsigroup.com/en/ProductServices/About-CE-Marking/EU-directives/Construction-Products-Directive-89106EC/?utm_source=BUILDK-NA&utm_medium=et_mail&utm_content=2481902&utm_campaign=BUILDK-NA_20_October_2011&utm_term=Ready+for+</a> |
| Public note | View this item free of charge at www.bsigroup.com |
| 942 ## - ADDED ENTRY ELEMENTS (KOHA) | |
| Suppress in OPAC | 0 |
| Withdrawn status | Lost status | Source of classification or shelving scheme | Damaged status | Not for loan | Home library | Current library | Shelving location | Date acquired | Total Checkouts | Full call number | Barcode | Date last seen | Copy number | Price effective from | Koha item type |
|---|---|---|---|---|---|---|---|---|---|---|---|---|---|---|---|
| Dewey Decimal Classification | Virtual | Virtual | Online | 07/11/2011 | ONLINE PUBLICATION | 154241-2001 | 06/08/2019 | 1 | 06/08/2019 | Book |